[Event "Riga Tech op-A"]
[Site "Riga"]
[Date "2023.08.12"]
[Round "8"]
[White "Salna, Aleksandras"]
[Black "Bethke, Richard"]
[Result "1/2-1/2"]
[WhiteElo "2260"]
[BlackElo "2382"]
[PlyCount "122"]
[EventDate "2023.08.07"]
[EventType "swiss"]
[EventRounds "9"]
[EventCountry "LAT"]
[SourceTitle "CBM 215 Extra"]
[Source "ChessBase"]
[SourceDate "2023.09.30"]
[SourceVersion "1"]
[SourceVersionDate "2023.09.30"]
[SourceQuality "1"]

1. d4 Nf6 2. c4 e6 3. Nc3 Bb4 4. Qc2 0-0 5. a3 Bxc3+ 6. Qxc3 b6 7. Bg5 h6 8. Bh4 Bb7 9. e3 d6 10. Ne2 Nbd7 11. Qd3 e5 12. Nc3 Re8 13. Be2 exd4 14. exd4 g5 15. Bg3 Bxg2 16. Rg1 Be4 17. Nxe4 Nxe4 18. 0-0-0 Qf6 19. Bg4 Nf8 20. Kb1 Nxf2 21. Rgf1 Nxd3 22. Rxf6 Kg7 23. Rf5 Nf4 24. Bxf4 gxf4 25. Rg1 Ng6 26. Bf3 Rad8 27. h4 Re6 28. h5 Rf6 29. Rxf6 Kxf6 30. hxg6 fxg6 31. Re1 h5 32. Kc2 Rh8 33. Kd3 h4 34. d5 g5 35. Re6+ Kf5 36. Be4+ Kg4 37. Ke2 h3 38. Kf2 h2 39. Bf3+ Kh4 40. Rg6 a5 41. a4 Rh7 42. Rg8 Rh6 43. Rg7 Rh8 44. b3 Rh6 45. Rf7 Rh8 46. Be4 g4 47. Rxf4 h1Q 48. Bxh1 Kg5 49. Rf7 Rxh1 50. Rxc7 Rh2+ 51. Ke3 Rh3+ 52. Ke4 Rxb3 53. Rg7+ Kh4 54. Rg6 Rb4 55. Rh6+ Kg3 56. Kd4 Rxa4 57. Rxd6 b5 58. Rc6 bxc4 59. d6 Ra1 60. Rxc4 Kh3 61. Rc3+ g3 1/2-1/2

[Event "Titled Tuesday intern op 20th Jun Early"]
[Site "Chess.com INT"]
[Date "2023.06.20"]
[Round "3"]
[White "Bethke, Richard"]
[Black "Bueno, Alfeu Varela Jr"]
[Result "1-0"]
[WhiteElo "2382"]
[BlackElo "2135"]
[PlyCount "109"]
[EventDate "2023.06.20"]
[EventType "swiss (blitz)"]
[EventRounds "11"]
[EventCountry "USA"]
[SourceTitle "EXT 2024"]
[Source "ChessBase"]
[SourceDate "2023.10.10"]
[SourceVersion "1"]
[SourceVersionDate "2023.10.10"]
[SourceQuality "1"]

1. e4 e6 2. d4 d5 3. Nd2 Nf6 4. e5 Nfd7 5. Bd3 c5 6. c3 Nc6 7. Ne2 cxd4 8. cxd4 f6 9. exf6 Nxf6 10. 0-0 Bd6 11. Nf3 Qc7 12. Bg5 0-0 13. Rc1 h6 14. Bh4 Nh5 15. Re1 g5 16. Bg3 Nxg3 17. hxg3 Qg7 18. Bb1 Bc7 19. Qd3 Bb6 20. a3 Bd7 21. b4 a6 22. g4 Ne7 23. Ne5 Bb5 24. Qe3 Rf6 25. Ng3 Be8 26. Rc3 Rf4 27. Ne2 Rf6 28. Rec1 Nc6 29. Nxc6 Bxc6 30. Ng3 Rf4 31. Nh5 Qf7 32. Nxf4 gxf4 33. Qh3 Qf6 34. g5 hxg5 35. Qh7+ Kf8 36. Rxc6 bxc6 37. Qb7 Qxd4 38. Qxa8+ Ke7 39. Qb7+ Kf6 40. Rf1 f3 41. gxf3 g4 42. Qh7 Qf4 43. Qg6+ Ke7 44. Qxg4 Qh6 45. Re1 Bc7 46. Qg2 Bf4 47. Bf5 e5 48. Bh3 Kf6 49. Qg4 Ke7 50. Qd7+ Kf8 51. Re2 Qg5+ 52. Bg4 Qh4 53. Qf5+ Ke7 54. Qh5 Qf6 55. Qh7+ 1-0

[Event "Titled Tuesday intern op 20th Jun Early"]
[Site "Chess.com INT"]
[Date "2023.06.20"]
[Round "2"]
[White "Bethke, Richard"]
[Black "Pakleza, Zbigniew"]
[Result "0-1"]
[WhiteElo "2382"]
[BlackElo "2494"]
[PlyCount "58"]
[EventDate "2023.06.20"]
[EventType "swiss (blitz)"]
[EventRounds "11"]
[EventCountry "USA"]
[SourceTitle "EXT 2024"]
[Source "ChessBase"]
[SourceDate "2023.10.10"]
[SourceVersion "1"]
[SourceVersionDate "2023.10.10"]
[SourceQuality "1"]

1. e4 d6 2. d4 Nf6 3. Nc3 c6 4. Nf3 Bg4 5. h3 Bh5 6. Bc4 e6 7. d5 cxd5 8. exd5 e5 9. Bg5 Be7 10. Qd2 Bxf3 11. gxf3 Nbd7 12. 0-0-0 Rc8 13. Bd3 a6 14. Rhg1 g6 15. f4 0-0 16. h4 Nh5 17. f5 Bxg5 18. Rxg5 Nf4 19. Ne4 Nc5 20. Nxc5 Rxc5 21. Be4 Qa5 22. Qxa5 Rxa5 23. fxg6 fxg6 24. a3 Nh3 25. Rg3 Nxf2 26. Re1 Ra4 27. b4 a5 28. c3 Rxa3 29. b5 Ra1+ 0-1

[Event "Titled Tuesday intern op 06th Jun Early"]
[Site "Chess.com INT"]
[Date "2023.06.06"]
[Round "1"]
[White "Makarian, Rudik"]
[Black "Bethke, Richard"]
[Result "0-1"]
[WhiteElo "2544"]
[BlackElo "2382"]
[PlyCount "136"]
[EventDate "2023.06.06"]
[EventType "swiss (blitz)"]
[EventRounds "11"]
[EventCountry "USA"]
[SourceTitle "EXT 2024"]
[Source "ChessBase"]
[SourceDate "2023.10.10"]
[SourceVersion "1"]
[SourceVersionDate "2023.10.10"]
[SourceQuality "1"]

1. d4 Nf6 2. c4 e6 3. Nf3 d5 4. Nc3 Be7 5. g3 0-0 6. Bg2 Nbd7 7. Ne5 c6 8. 0-0 Nxe5 9. dxe5 Nd7 10. cxd5 Nxe5 11. dxc6 Nxc6 12. Be3 e5 13. Rc1 Be6 14. Qxd8 Rfxd8 15. Bxc6 bxc6 16. b3 Bd5 17. Na4 a5 18. Bc5 Bg5 19. Rcd1 h5 20. f3 h4 21. Kf2 hxg3+ 22. hxg3 e4 23. f4 Bf6 24. Ke3 g5 25. Bb6 Rdb8 26. Bd4 Be7 27. Rh1 f5 28. Nb6 c5 29. Nxd5 cxd4+ 30. Kxd4 Bf8 31. Ke5 Bg7+ 32. Kxf5 Rf8+ 33. Kxe4 Rae8+ 34. Kf3 g4+ 35. Kxg4 Rxe2 36. a4 Rb8 37. Rd3 Kf7 38. Ne3 Bf6 39. Kf3 Rb2 40. g4 R8xb3 41. Rxb3 Rxb3 42. Rd1 Be7 43. Ke4 Rb4+ 44. Rd4 Rb3 45. Nf5 Bb4 46. Rd7+ Ke6 47. Rh7 Ra3 48. Rh6+ Kf7 49. g5 Rxa4 50. Rf6+ Ke8 51. Kf3 Bd2 52. Nd6+ Ke7 53. Ne4 Bc1 54. Rf5 Ra3+ 55. Kg4 Ra4 56. Re5+ Kf7 57. Kf5 Ra2 58. Nd6+ Kg7 59. Re7+ Kf8 60. Re8+ Kg7 61. g6 Rf2 62. Re7+ Kg8 63. Re4 Rxf4+ 64. Rxf4 Bxf4 65. Kxf4 a4 66. Nc4 Kg7 67. Kg5 Kg8 68. Kh6 Kh8 0-1

[Event "Titled Tuesday intern op 16th May Early"]
[Site "Chess.com INT"]
[Date "2023.05.16"]
[Round "8"]
[White "Bethke, Richard"]
[Black "Chabris, Christopher"]
[Result "1-0"]
[WhiteElo "2382"]
[BlackElo "2053"]
[PlyCount "57"]
[EventDate "2023.05.16"]
[EventType "swiss (blitz)"]
[EventRounds "11"]
[EventCountry "USA"]
[SourceTitle "CBM 214 Extra"]
[Source "ChessBase"]
[SourceDate "2023.07.31"]
[SourceVersion "1"]
[SourceVersionDate "2023.07.31"]
[SourceQuality "1"]

1. e4 e5 2. Nf3 Nc6 3. Bc4 Nf6 4. d3 Be7 5. 0-0 0-0 6. Re1 d6 7. a4 Kh8 8. h3 Ng8 9. Nc3 f5 10. d4 fxe4 11. Rxe4 Bf5 12. Re1 e4 13. Nd2 Nxd4 14. Ndxe4 Nc6 15. Ng3 Bg6 16. Bd3 Bxd3 17. Qxd3 Bg5 18. Nd5 Ne5 19. Qb3 c6 20. Bxg5 Qxg5 21. Nc7 Rab8 22. Ne6 Qf6 23. Nxf8 Rxf8 24. Re2 Nh6 25. Qxb7 Nf5 26. Nxf5 Qxf5 27. Qe7 Rf7 28. Qxd6 h5 29. Qxe5 1-0

[Event "Titled Tuesday intern op 16th May Early"]
[Site "Chess.com INT"]
[Date "2023.05.16"]
[Round "4"]
[White "Bethke, Richard"]
[Black "Mirzoev, Azer"]
[Result "0-1"]
[WhiteElo "2382"]
[BlackElo "2416"]
[PlyCount "48"]
[EventDate "2023.05.16"]
[EventType "swiss (blitz)"]
[EventRounds "11"]
[EventCountry "USA"]
[SourceTitle "CBM 214 Extra"]
[Source "ChessBase"]
[SourceDate "2023.07.31"]
[SourceVersion "1"]
[SourceVersionDate "2023.07.31"]
[SourceQuality "1"]

1. e4 c5 2. Nf3 e6 3. d4 cxd4 4. Nxd4 a6 5. Bd3 Nc6 6. Nxc6 bxc6 7. 0-0 d5 8. Qe2 Nf6 9. e5 Nd7 10. f4 Nc5 11. c4 Be7 12. Nc3 0-0 13. Bd2 a5 14. Rad1 Nxd3 15. Qxd3 Ba6 16. b3 dxc4 17. Qe4 cxb3 18. Rf3 Qb6+ 19. Be3 Qb4 20. Bd4 Rfd8 21. f5 exf5 22. Qxf5 Rxd4 23. Qxf7+ Kh8 24. Rdf1 Bc4 0-1

[Event "Titled Tuesday intern op 16th May Early"]
[Site "Chess.com INT"]
[Date "2023.05.16"]
[Round "3"]
[White "Prohaszka, Peter"]
[Black "Bethke, Richard"]
[Result "0-1"]
[WhiteElo "2585"]
[BlackElo "2382"]
[PlyCount "88"]
[EventDate "2023.05.16"]
[EventType "swiss (blitz)"]
[EventRounds "11"]
[EventCountry "USA"]
[SourceTitle "CBM 214 Extra"]
[Source "ChessBase"]
[SourceDate "2023.07.31"]
[SourceVersion "1"]
[SourceVersionDate "2023.07.31"]
[SourceQuality "1"]

1. d4 Nf6 2. c3 d5 3. Nf3 c5 4. dxc5 Nc6 5. b4 e6 6. Bb2 a5 7. a3 b6 8. cxb6 Qxb6 9. e3 Ne4 10. Nbd2 Nd6 11. Be2 Be7 12. 0-0 0-0 13. Nd4 Nxd4 14. exd4 Bd7 15. Qb1 Bb5 16. Bd3 g6 17. Nb3 Bxd3 18. Qxd3 Nc4 19. Qe2 axb4 20. axb4 Bxb4 21. Rab1 Ra2 22. cxb4 Qxb4 23. Bc3 Qa3 24. Qf3 Rc2 25. h4 Rb8 26. Be1 Qa2 27. Nd2 Rxb1 28. Nxb1 Qxb1 29. h5 Rc1 30. h6 Rxe1 31. Rxe1 Qxe1+ 32. Kh2 f5 33. Qb3 Qxf2 34. Qb8+ Kf7 35. Qc7+ Ke8 36. Qc8+ Ke7 37. Qc7+ Kf6 38. Qd8+ Kf7 39. Qd7+ Kf8 40. Qd8+ Kf7 41. Qd7+ Kf6 42. Qg7+ Kg5 43. Qxh7 Ne3 44. Qe7+ Kh5 0-1

[Event "Titled Tuesday intern op 16th May Early"]
[Site "Chess.com INT"]
[Date "2023.05.16"]
[Round "11"]
[White "Sailer, Mike L"]
[Black "Bethke, Richard"]
[Result "0-1"]
[WhiteElo "2109"]
[BlackElo "2382"]
[PlyCount "70"]
[EventDate "2023.05.16"]
[EventType "swiss (blitz)"]
[EventRounds "11"]
[EventCountry "USA"]
[SourceTitle "CBM 214 Extra"]
[Source "ChessBase"]
[SourceDate "2023.07.31"]
[SourceVersion "1"]
[SourceVersionDate "2023.07.31"]
[SourceQuality "1"]

1. d4 Nf6 2. Bg5 d5 3. Bxf6 exf6 4. e3 Bd6 5. c4 dxc4 6. Bxc4 0-0 7. Nc3 b6 8. Nge2 Bb7 9. 0-0 f5 10. a4 Nc6 11. Nb5 Be7 12. Nf4 a6 13. Nc3 Na5 14. Bd3 g6 15. Qc2 Bd6 16. Nce2 Rc8 17. Rab1 c5 18. dxc5 Bxc5 19. Bxf5 gxf5 20. Qxf5 Qd6 21. Qg5+ Kh8 22. b4 Bxb4 23. Rxb4 Rg8 24. Qf5 Qxb4 25. Qf6+ Rg7 26. Nh5 Qg4 27. Neg3 Kg8 28. Nxg7 Qxg7 29. Qe7 h5 30. Rd1 Qg4 31. Rd8+ Rxd8 32. Qxd8+ Kg7 33. h3 Qg6 34. Qd4+ Kh7 35. Qe5 h4 0-1

[Event "Titled Tuesday intern op 16th May Early"]
[Site "Chess.com INT"]
[Date "2023.05.16"]
[Round "6"]
[White "Simonian, Hrair"]
[Black "Bethke, Richard"]
[Result "1-0"]
[WhiteElo "2431"]
[BlackElo "2382"]
[PlyCount "93"]
[EventDate "2023.05.16"]
[EventType "swiss (blitz)"]
[EventRounds "11"]
[EventCountry "USA"]
[SourceTitle "CBM 214 Extra"]
[Source "ChessBase"]
[SourceDate "2023.07.31"]
[SourceVersion "1"]
[SourceVersionDate "2023.07.31"]
[SourceQuality "1"]

1. e4 c5 2. Nc3 Nc6 3. Bb5 Nd4 4. Bc4 e6 5. Nge2 a6 6. Nxd4 cxd4 7. Ne2 b5 8. Bb3 Qb6 9. d3 Bb4+ 10. Bd2 Be7 11. 0-0 Nf6 12. Ng3 0-0 13. f4 Bb7 14. f5 d5 15. e5 Nd7 16. f6 gxf6 17. Nh5 Nxe5 18. Bh6 Rfc8 19. Bg7 Ng6 20. Bxf6 Bxf6 21. Nxf6+ Kg7 22. Qh5 Rh8 23. Qg5 Qc7 24. Nh5+ Kf8 25. Rxf7+ Kxf7 26. Rf1+ Kg8 27. Qh6 Rf8 28. Qxf8+ Nxf8 29. Nf6+ Kg7 30. Ne8+ Kg6 31. Nxc7 h5 32. a4 bxa4 33. Bxa4 Rh7 34. Be8+ Kg5 35. Bf7 e5 36. Nxd5 Ng6 37. Be6 Bxd5 38. Bxd5 Nf4 39. Be4 Rc7 40. Rf2 Rc5 41. Kf1 Ra5 42. Ke1 Ra1+ 43. Kd2 Kg4 44. g3 Nh3 45. Bf5+ Kg5 46. Bxh3 a5 47. Rf5+ 1-0

[Event "Titled Tuesday intern op 09th May Early"]
[Site "Chess.com INT"]
[Date "2023.05.09"]
[Round "4"]
[White "Bethke, Richard"]
[Black "Ovetchkin, Roman"]
[Result "1-0"]
[WhiteElo "2382"]
[BlackElo "2518"]
[PlyCount "73"]
[EventDate "2023.05.09"]
[EventType "swiss (blitz)"]
[EventRounds "11"]
[EventCountry "USA"]
[SourceTitle "CBM 214 Extra"]
[Source "ChessBase"]
[SourceDate "2023.07.31"]
[SourceVersion "1"]
[SourceVersionDate "2023.07.31"]
[SourceQuality "1"]

1. e4 c6 2. Nf3 d5 3. Nc3 dxe4 4. Nxe4 Nf6 5. Qe2 Nxe4 6. Qxe4 Nd7 7. Bc4 Nf6 8. Ne5 e6 9. Qe2 b5 10. Bd3 Bd6 11. a4 Qc7 12. Nxc6 b4 13. Nd4 a6 14. Nf5 0-0 15. Nxd6 Qxd6 16. b3 e5 17. Bb2 e4 18. Bc4 Bg4 19. Qe3 Rad8 20. h3 Bh5 21. 0-0 Qxd2 22. Bxf6 gxf6 23. Qxe4 Rfe8 24. Qf5 Bg6 25. Qxf6 Rd6 26. Qf3 Qxc2 27. Rfe1 Rxe1+ 28. Rxe1 Kg7 29. Re8 Rf6 30. Qe3 Qc3 31. Qc5 Qc1+ 32. Kh2 Qf4+ 33. Kh1 Qc1+ 34. Kh2 Qf4+ 35. g3 Qxf2+ 36. Qxf2 Rxf2+ 37. Kg1 1-0

[Event "Titled Tuesday intern op 28th Mar Early"]
[Site "Chess.com INT"]
[Date "2023.03.28"]
[Round "3"]
[White "Georg, Heinz"]
[Black "Bethke, Richard"]
[Result "0-1"]
[WhiteElo "2157"]
[BlackElo "2383"]
[PlyCount "158"]
[EventDate "2023.03.28"]
[EventType "swiss (blitz)"]
[EventRounds "11"]
[EventCountry "USA"]
[SourceTitle "EXT 2024"]
[Source "ChessBase"]
[SourceDate "2023.10.10"]
[SourceVersion "1"]
[SourceVersionDate "2023.10.10"]
[SourceQuality "1"]

1. e4 c5 2. Nf3 d6 3. Bb5+ Bd7 4. Bxd7+ Qxd7 5. 0-0 Nf6 6. Re1 Nc6 7. c3 e6 8. d4 cxd4 9. cxd4 d5 10. e5 Ne4 11. Nbd2 Nxd2 12. Bxd2 Be7 13. Rc1 0-0 14. h4 Rfc8 15. a3 Qd8 16. g3 Qb6 17. Bc3 Na5 18. Qd3 Nc4 19. Rc2 Qb3 20. Rec1 Rc6 21. Ng5 Bxg5 22. hxg5 Rac8 23. Kg2 b5 24. Ra1 Nxb2 25. Rxb2 Qxc3 26. Qxc3 Rxc3 27. Rxb5 Kf8 28. a4 R3c4 29. a5 Rxd4 30. Rb7 Ra8 31. Rab1 Rc4 32. a6 Rc6 33. Rb8+ Rxb8 34. Rxb8+ Ke7 35. Rb7+ Ke8 36. Rxa7 h6 37. gxh6 gxh6 38. f4 Rc2+ 39. Kf3 Ra2 40. Kg4 d4 41. Kf3 Ra3+ 42. Ke4 Rxg3 43. Kxd4 Ra3 44. Ke4 h5 45. f5 Ra4+ 46. Kf3 exf5 47. Ra8+ Ke7 48. Rh8 h4 49. a7 Rxa7 50. Rxh4 Ke6 51. Rb4 Kxe5 52. Rb5+ Kf6 53. Rb6+ Kg5 54. Rb4 Ra3+ 55. Kg2 f4 56. Rb7 f6 57. Rg7+ Kf5 58. Rb7 Rd3 59. Rb8 Re3 60. Rb7 Ke4 61. Rb4+ Ke5 62. Rb5+ Ke4 63. Rb4+ Kf5 64. Rb5+ Kg4 65. Rb8 Re2+ 66. Kf1 Kf3 67. Rb3+ Re3 68. Rb6 Ra3 69. Kg1 Kg3 70. Rb1 f3 71. Kf1 Ra2 72. Kg1 f5 73. Rc1 Ra8 74. Rb1 f4 75. Rc1 Rh8 76. Rf1 f2+ 77. Rxf2 Rh1+ 78. Kxh1 Kxf2 79. Kh2 f3 0-1

[Event "Titled Tuesday intern op 28th Mar Early"]
[Site "Chess.com INT"]
[Date "2023.03.28"]
[Round "4"]
[White "Mika, Tomasz1111"]
[Black "Bethke, Richard"]
[Result "0-1"]
[WhiteElo "2169"]
[BlackElo "2383"]
[PlyCount "58"]
[EventDate "2023.03.28"]
[EventType "swiss (blitz)"]
[EventRounds "11"]
[EventCountry "USA"]
[SourceTitle "EXT 2024"]
[Source "ChessBase"]
[SourceDate "2023.10.10"]
[SourceVersion "1"]
[SourceVersionDate "2023.10.10"]
[SourceQuality "1"]

1. Nf3 d5 2. c4 dxc4 3. Na3 Qd5 4. Qa4+ Nc6 5. Qxc4 Be6 6. Qxd5 Bxd5 7. e3 0-0-0 8. Be2 e5 9. d3 f6 10. 0-0 Bxa3 11. bxa3 Nge7 12. Bb2 Bxf3 13. gxf3 Nd5 14. Rfc1 Rd6 15. Kf1 Rhd8 16. Ke1 f5 17. Kd2 e4 18. fxe4 fxe4 19. d4 Rf6 20. Rf1 Rdf8 21. Ke1 Rh6 22. h3 Kd8 23. Rh1 Nce7 24. Rc1 Rb6 25. Rc2 Nf5 26. Rg1 g6 27. Bc4 Ndxe3 28. fxe3 Nxe3 29. Rc3 Rxb2 0-1

[Event "EU-ch 23rd"]
[Site "Vrnjacka Banja"]
[Date "2023.03.11"]
[Round "9"]
[White "Blohberger, Felix"]
[Black "Bethke, Richard"]
[Result "1-0"]
[WhiteElo "2493"]
[BlackElo "2383"]
[PlyCount "109"]
[EventDate "2023.03.03"]
[EventType "swiss"]
[EventRounds "11"]
[EventCountry "SRB"]
[SourceTitle "CBM 213"]
[Source "ChessBase"]
[SourceDate "2023.04.30"]
[SourceVersion "1"]
[SourceVersionDate "2023.04.30"]
[SourceQuality "1"]

1. Nf3 Nf6 2. g3 e6 3. Bg2 d5 4. 0-0 c5 5. b3 Nc6 6. d4 Be7 7. Bb2 0-0 8. Nbd2 b6 9. c4 Ba6 10. Rc1 Rc8 11. dxc5 bxc5 12. cxd5 exd5 13. Re1 Qa5 14. Bc3 Qb6 15. Ne5 Nxe5 16. Bxe5 Rfd8 17. e3 Qe6 18. Bb2 Ne4 19. Qc2 f5 20. Rcd1 Bf6 21. Bxf6 Qxf6 22. Rc1 Qe7 23. Bh3 g6 24. Nxe4 Qxe4 25. Red1 Qe5 26. Bf1 Bb7 27. Bg2 Ba6 28. Qd2 d4 29. Qa5 Qd6 30. h4 Kg7 31. Rd2 Qb6 32. Qxb6 axb6 33. exd4 cxd4 34. Rxc8 Bxc8 35. f4 Ba6 36. Kf2 Kf8 37. a4 b5 38. Bf1 d3 39. a5 b4 40. Rd1 h6 41. Ke3 Re8+ 42. Kd4 Re4+ 43. Kc5 Re3 44. Kxb4 Rxg3 45. Kc5 Rf3 46. Kb6 Bc8 47. b4 Rxf4 48. b5 Rxh4 49. Rxd3 Ke7 50. a6 Bxa6 51. bxa6 Rb4+ 52. Ka5 Rb8 53. Bg2 h5 54. a7 Rc8 55. Bb7 1-0

[Event "EU-ch 23rd"]
[Site "Vrnjacka Banja"]
[Date "2023.03.08"]
[Round "6"]
[White "Bethke, Richard"]
[Black "Tregubenko, Nikolay"]
[Result "0-1"]
[WhiteElo "2383"]
[BlackElo "2022"]
[PlyCount "60"]
[EventDate "2023.03.03"]
[EventType "swiss"]
[EventRounds "11"]
[EventCountry "SRB"]
[SourceTitle "CBM 213"]
[Source "ChessBase"]
[SourceDate "2023.04.30"]
[SourceVersion "1"]
[SourceVersionDate "2023.04.30"]
[SourceQuality "1"]

1. e4 c5 2. Ne2 d6 3. g3 g6 4. Bg2 Bg7 5. c3 Nc6 6. d4 cxd4 7. cxd4 e6 8. Nbc3 Nge7 9. 0-0 0-0 10. Bg5 h6 11. Be3 d5 12. exd5 exd5 13. Nf4 Be6 14. Re1 g5 15. Nxe6 fxe6 16. Na4 b6 17. Rc1 Rc8 18. Qg4 Nf5 19. h4 gxh4 20. Bxh6 hxg3 21. Rxe6 gxf2+ 22. Kh2 Qh4+ 23. Qxh4 Nxh4 24. Bxd5 Nb4 25. Re8+ Kh7 26. Rexc8 Rxc8 27. Bg2 Re8 28. Bg5 Nxg2 29. Kxg2 Re1 30. Kxf2 Nd3+ 0-1

[Event "EU-ch 23rd"]
[Site "Vrnjacka Banja"]
[Date "2023.03.05"]
[Round "3"]
[White "Manko, Mariya"]
[Black "Bethke, Richard"]
[Result "0-1"]
[WhiteElo "2159"]
[BlackElo "2383"]
[PlyCount "64"]
[EventDate "2023.03.03"]
[EventType "swiss"]
[EventRounds "11"]
[EventCountry "SRB"]
[SourceTitle "CBM 213"]
[Source "ChessBase"]
[SourceDate "2023.04.30"]
[SourceVersion "1"]
[SourceVersionDate "2023.04.30"]
[SourceQuality "1"]

1. d4 f5 2. Nf3 Nf6 3. c4 e6 4. Nc3 Bb4 5. g3 b6 6. Bg2 Ne4 7. Nd2 Nxc3 8. Qb3 Nxe2 9. Kxe2 Bxd2 10. Bxa8 Bxc1 11. Rhxc1 c6 12. a4 0-0 13. a5 f4 14. axb6 axb6 15. Ra7 Qf6 16. Rd1 Ba6 17. g4 f3+ 18. Kd3 b5 19. Kc3 Qh4 20. Rd2 Qxh2 21. Qa3 Qg1 22. Bb7 Qc1+ 23. Rc2 Qf1 24. Kb4 Qd1 25. Qc3 c5+ 26. Kxc5 d6+ 27. Kxd6 Rd8+ 28. Kc5 Bxb7 29. Rxb7 b4 30. Rd2 Qa4 31. Qxf3 Qa5+ 32. Rb5 Na6+ 0-1

[Event "BL2-West 2223"]
[Site "Germany"]
[Date "2023.02.26"]
[Round "8.2"]
[White "Bethke, Richard"]
[Black "Van Osch, Mees"]
[Result "1-0"]
[WhiteElo "2373"]
[BlackElo "2342"]
[PlyCount "101"]
[EventDate "2022.10.22"]
[EventType "team-tourn"]
[EventRounds "10"]
[EventCountry "GER"]
[SourceTitle "EXT 2024"]
[Source "ChessBase"]
[SourceDate "2023.10.10"]
[SourceVersion "1"]
[SourceVersionDate "2023.10.10"]
[SourceQuality "1"]
[WhiteTeam "Neuberg"]
[BlackTeam "Muelheim Nord II"]
[WhiteTeamCountry "GER"]
[BlackTeamCountry "GER"]

1. e4 e6 2. d4 d5 3. Nd2 Be7 4. Ngf3 Nf6 5. Bd3 c5 6. dxc5 dxe4 7. Nxe4 Nxe4 8. Bxe4 Qxd1+ 9. Kxd1 Bxc5 10. Ke2 Nd7 11. Rd1 Nf6 12. Bd3 0-0 13. Ne5 b6 14. g4 Bb7 15. g5 Nd5 16. c4 Nb4 17. Be3 Rfd8 18. a3 Nxd3 19. Rxd3 Rxd3 20. Nxd3 Bd6 21. f4 f6 22. h4 Kf7 23. a4 Rc8 24. b3 Bc7 25. b4 e5 26. a5 e4 27. Nb2 bxa5 28. b5 Bb6 29. Rc1 Bxe3 30. Kxe3 Ke6 31. f5+ Kxf5 32. Ra1 fxg5 33. hxg5 Kxg5 34. Rxa5 Rf8 35. Rxa7 Rf3+ 36. Kd4 Bc8 37. Kxe4 Rb3 38. Na4 Bf5+ 39. Kd5 Kf6 40. Nc5 Rb1 41. Ra6+ Kg5 42. Ne6+ Bxe6+ 43. Kxe6 h5 44. b6 Kg6 45. c5 h4 46. Ra2 Kh5 47. Rc2 h3 48. Kd5 Rb5 49. Kc6 Rb1 50. Kb7 g5 51. c6 1-0

[Event "Titled Tuesday intern op 21st Feb Early"]
[Site "Chess.com INT"]
[Date "2023.02.21"]
[Round "8"]
[White "Bethke, Richard"]
[Black "Lorenzo de la Riva, Lazaro"]
[Result "1-0"]
[WhiteElo "2369"]
[BlackElo "2419"]
[PlyCount "95"]
[EventDate "2023.02.21"]
[EventType "swiss (blitz)"]
[EventRounds "11"]
[EventCountry "USA"]
[SourceTitle "CBM 212 Extra"]
[Source "ChessBase"]
[SourceDate "2023.03.31"]
[SourceVersion "1"]
[SourceVersionDate "2023.03.31"]
[SourceQuality "1"]

1. e4 d6 2. Nf3 Nf6 3. Nc3 c6 4. d4 g6 5. e5 dxe5 6. dxe5 Qxd1+ 7. Nxd1 Nd5 8. Ne3 Nb6 9. h4 h6 10. Bd3 Bg7 11. Bd2 Be6 12. Nd4 Bxe5 13. Nxe6 fxe6 14. Bxg6+ Kf8 15. 0-0-0 N8d7 16. Ng4 Bg7 17. Rhe1 h5 18. Nh2 Nc5 19. Bb4 Nbd7 20. Nf3 a5 21. Bd2 Bf6 22. Ng5 Kg7 23. Bd3 Nxd3+ 24. cxd3 Nc5 25. Bc3 Bxc3 26. bxc3 Rh6 27. Re5 Nd7 28. Rxe6 Rxe6 29. Nxe6+ Kf6 30. Re1 Rg8 31. Ng5 e5 32. d4 Kf5 33. Re3 exd4 34. cxd4 Nb6 35. g3 Nd5 36. Rf3+ Kg4 37. Rf7 Re8 38. Kd2 b5 39. Rg7 Kf5 40. Ra7 a4 41. f3 Rd8 42. Rh7 Kg6 43. g4 hxg4 44. fxg4 Nf6 45. Rc7 Nxg4 46. Rxc6+ Kf5 47. Kd3 Kf4 48. Ne6+ 1-0